Barrages - Ligue 2 / National - Statistiques

Statistiques générales
  • Ce quiz a été pris 27 fois
  • Le résultat moyen est 7 sur 12
Statistiques - réponses
Saison Classement Club % Correct
2024/2025 18ème de Ligue 2 Clermont Foot 63
80%
3ème de National Paris FC
76%
3ème de National FC Villefranche Beaujolais
72%
3ème de National FC Villefranche Beaujolais
72%
3ème de National US Boulogne CO
72%
3ème de National Le Mans FC
68%
2018/2019 18ème de Ligue 2 GFC Ajaccio
56%
3ème de National Grenoble Foot 38
56%
2016/2017 18ème de Ligue 2 US Orléans
56%
2021/2022 18ème de Ligue 2 US Quevilly-Rouen
56%
2020/2021 18ème de Ligue 2 Chamois niortais FC
48%
2017/2018 18ème de Ligue 2 Bourg-en-Bresse 01
24%
Aucun quiz correspondant
Distribution des résultats
% des personnes avec chaque résultat
Percentile par nombre de réponses
Votre historique - résultats
Vous n’avez pas pris ce quiz